Historia de la ingeniería en Chile

Salvato in:
Dettagli Bibliografici
Autore principale: Greve, Ernesto (Autore)
Natura: Libro
Lingua:spagnolo
Pubblicazione: Santiago, Chile Universitaria 1938
Soggetti:
Tags: Aggiungi Tag
Nessun Tag, puoi essere il primo ad aggiungerne!!

MARC

LEADER 00000nam a2200000 a 4500
001 UCU2071
003 CL-VaPUC
005 20240923121703.0
008 960419e19380000cl 1 spa d
999 |c 382569  |d 382567 
040 |c Pontificia Universidad Católica de Valparaíso 
082 0 4 |a 620.009 GRE 1938  |2 21 
100 1 |a Greve, Ernesto  |e author  |9 508213 
245 1 0 |a Historia de la ingeniería en Chile 
260 |a Santiago, Chile  |b Universitaria  |c 1938 
300 |a 4 volúmenes 
518 |p Congreso Sudamericano de Ingeniería, 1, Santiago, 1938 
518 |p Congreso Panamericano de Carreteras, 3, Santiago, 1938 
536 |a Comisión Organizadora 
546 |a En Español 
583 |a last modification  |c 19960419 00:00:00  |k Rodrigo Vera 
650 0 0 |a Ingeniería   |z CHILE  |9 259380 
650 0 0 |a Transporte Ferroviario  |x OBRAS PUBLICAS  |z CHILE  |9 353259 
650 0 0 |a Puentes  |x OBRAS PUBLICAS  |z CHILE  |9 268175 
650 0 0 |a Carreteras  |x OBRAS PUBLICAS  |z CHILE  |9 260132 
650 0 0 |a Minería  |z CHILE  |9 326008 
650 0 0 |a Edificios públicos   |z CHILE  |9 269003 
852 |a BIBCUR 
942 |c BK  |2 ddc 
945 |a paguirre  |d 19960419 00:00:00 
952 |0 0  |1 0  |2 ddc  |4 0  |6 620_009000000000000_GRE_1938  |7 0  |8 A  |9 504332  |a BIBING  |b BIBING  |d 2020-01-23  |h v.4  |i 2019353  |o 620.009 GRE 1938  |p 2019353  |r 2025-01-20  |t 3  |w 2020-01-23  |y BK  |k CCL 
952 |0 0  |1 0  |2 ddc  |4 0  |6 620_009000000000000_GRE_1938  |7 0  |8 X  |9 504333  |a BIBHIS  |b BIBHIS  |d 2020-01-23  |h v.1  |i 1256017  |l 1  |o 620.009 GRE 1938  |p 1256017  |r 2024-01-30  |s 2023-03-09  |t 1  |w 2020-01-23  |y BK_X  |k HIS 
952 |0 0  |1 0  |2 ddc  |4 0  |6 620_009000000000000_GRE_1938  |7 0  |8 X  |9 504334  |a BIBHIS  |b BIBHIS  |d 2020-01-23  |h v.2  |i 1256025  |l 1  |o 620.009 GRE 1938  |p 1256025  |r 2024-01-30  |s 2023-03-09  |t 1  |w 2020-01-23  |y BK_X  |k HIS 
952 |0 0  |1 0  |2 ddc  |4 0  |6 620_009000000000000_GRE_1938  |7 0  |8 X  |9 504335  |a BIBHIS  |b BIBHIS  |d 2020-01-23  |h v.3  |i 1256033  |o 620.009 GRE 1938  |p 1256033  |r 2024-01-30  |t 1  |w 2020-01-23  |y BK_X  |k HIS 
952 |0 0  |1 0  |2 ddc  |4 0  |6 620_009000000000000_GRE_1938  |7 0  |8 X  |9 504336  |a BIBHIS  |b BIBHIS  |d 2020-01-23  |h v.4  |i 1256041  |o 620.009 GRE 1938  |p 1256041  |r 2024-01-30  |t 1  |w 2020-01-23  |y BK_X  |k HIS 
952 |0 0  |1 0  |2 ddc  |4 0  |6 620_009000000000000_GRE_1938  |7 0  |8 X  |9 504337  |a FDOBUD  |b FDOBUD  |d 2020-01-23  |h v.1  |i 1051970  |o 620.009 GRE 1938  |p 1051970  |r 2020-01-23  |t 2  |w 2020-01-23  |y BK_X  |k BUD 
952 |0 0  |1 0  |2 ddc  |4 0  |6 620_009000000000000_GRE_1938  |7 0  |8 X  |9 504338  |a FDOBUD  |b FDOBUD  |d 2020-01-23  |h v.2  |i 1051989  |o 620.009 GRE 1938  |p 1051989  |r 2020-01-23  |t 2  |w 2020-01-23  |y BK_X  |k BUD 
952 |0 0  |1 0  |2 ddc  |4 0  |6 620_009000000000000_GRE_1938  |7 0  |8 X  |9 504339  |a FDOBUD  |b FDOBUD  |d 2020-01-23  |h v.3  |i 1051997  |o 620.009 GRE 1938  |p 1051997  |r 2020-01-23  |t 2  |w 2020-01-23  |y BK_X  |k BUD 
952 |0 0  |1 0  |2 ddc  |4 0  |6 620_009000000000000_GRE_1938  |7 0  |8 X  |9 504340  |a FDOBUD  |b FDOBUD  |d 2020-01-23  |h v.4  |i 1052004  |o 620.009 GRE 1938  |p 1052004  |r 2020-01-23  |t 2  |w 2020-01-23  |y BK_X  |k BUD